| 000 | 00576nam a2200193 a 4500 | ||
|---|---|---|---|
| 005 | 20140310183459.0 | ||
| 008 | 100309s19uu xx 00 eng d | ||
| 020 | _a9788190674850 | ||
| 050 |
_aTX 909.A1 _b.Sa272 2008 |
||
| 100 | _aSaxena, Atul | ||
| 245 |
_aNew trends in tourism and hotel industry / _cAtul Saxena. |
||
| 260 |
_aNew Delhi : _bNavyug Publishers & Distributors, _c2008. |
||
| 300 |
_a296 p. : _c20 cm. |
||
| 521 | _aTOU | ||
| 650 |
_aTourism _xIndustry _xmanagement. |
||
| 650 |
_aHotel _xIndustry _xmanagement. |
||
| 942 |
_cBK _2lcc _kFOR |
||
| 999 |
_c23845 _d23845 |
||